Statistics for Grammy for Album of the Year

Click here to take the quiz!

General Stats

  • This quiz has been taken 35 times
  • The average score is 28 of 63

Answer Stats

YearAlbumGenreCountryArtist/s% Correct
2024MidnightsAlternative PopU.S.A.Taylor Swift
100%
2010FearlessPop CountryU.S.A.Taylor Swift
100%
20161989Dance PopU.S.A.Taylor Swift
100%
2021FolklorePop FolkU.S.A.Taylor Swift
100%
2023Harry's HouseSoft RockU.K.Harry Styles
87%
201725Pop SoulU.K.Adele
84%
201221Pop SoulU.K.Adele
84%
1984ThrillerContemporary
R&B
U.S.A.Michael Jackson
81%
201824K MagicContemporary
R&B
U.S.A.Bruno Mars
77%
1968Sgt. Pepper's Lonely Hearts Club BandPsychedelic PopU.K.The Beatles
77%
1994The Bodyguard –
Original Soundtrack Album
Contemporary
R&B
U.S.A.Whitney Houston
71%
2006How to Dismantle an Atomic BombPop RockIrelandU2
68%
1988The Joshua TreePop RockIrelandU2
68%
1964The Barbra Streisand AlbumTraditional PopU.S.A.Barbra Streisand
61%
2020When We All Fall Asleep,
Where Do We Go?
Alternative PopU.S.A.Billie Eilish
61%
1989FaithContemporary
R&B
U.K.George Michael
61%
1999The Miseducation of Lauryn HillNeo-Soul /
Hip Hop
U.S.A.Lauryn Hill
61%
2014Random Access MemoriesDiscoFranceDaft Punk
58%
1983Toto IVAdult Oriented
Rock
U.S.A.Toto
58%
1996Jagged Little PillPop RockCanadaAlanis Morissette
52%
2004Speakerboxxx/The Love BelowSouthern
Hip Hop
U.S.A.OutKast
52%
1975Fulfillingness' First FinaleSoulU.S.A.Stevie Wonder
52%
1977Songs in the Key of LifeSoulU.S.A.Stevie Wonder
52%
1974InnervisionsSoulU.S.A.Stevie Wonder
52%
1978RumoursPop RockU.S.A./
U.K.
Fleetwood Mac
45%
1987GracelandPop FolkU.S.A.Paul Simon
45%
1976Still Crazy After All These YearsPop RockU.S.A.Paul Simon
45%
1971Bridge over Troubled WaterPop FolkU.S.A.Simon & Garfunkel
45%
1981Christopher CrossYacht RockU.S.A.Christopher Cross
42%
2019Golden HourPop CountryU.S.A.Kacey Musgraves
42%
1972TapestrySoft RockU.S.A.Carole King
39%
1967A Man and His MusicTraditional PopU.S.A.Frank Sinatra
39%
1966September of My YearsVocal JazzU.S.A.Frank Sinatra
39%
1960Come Dance With Me!Vocal JazzU.S.A.Frank Sinatra
39%
1962Judy at Carnegie HallTraditional PopU.S.A.Judy Garland
39%
198052nd StreetPiano RockU.S.A.Billy Joel
35%
1982Double FantasyPop Rock
U.K. /
Japan
John Lennon / Yoko Ono
35%
1961The Button-Down Mind of Bob NewhartComedyU.S.A.Bob Newhart
32%
1997Falling into YouAdult
contemporary
CanadaCéline Dion
32%
2003Come Away with MeJazz PopU.S.A.Norah Jones
32%
1991Back on the BlockContemporary
R&B
U.S.A.Quincy Jones
32%
2000SupernaturalLatin RockU.S.A./
Mexico
Santana
32%
2015Morning PhaseChamber FolkU.S.A.Beck
29%
1970Blood, Sweat & TearsJazz RockU.S.A.Blood, Sweat & Tears
29%
1985Can't Slow DownPop SoulU.S.A.Lionel Richie
29%
2013BabelFolk RockU.K.Mumford & Sons
29%
1986No Jacket RequiredPop RockU.K.Phil Collins
29%
2011The SuburbsIndie RockCanadaArcade Fire
26%
1992Unforgettable... with LoveVocal JazzU.S.A.Natalie Cole
26%
2007Taking the Long WayPop CountryU.S.A.Dixie Chicks
23%
2022We ArePop SoulU.S.A.Jon Batiste
23%
1965Getz/GilbertoBossa NovaU.S.A./
Brazil
Stan Getz / João Gilberto
23%
1998Time Out of MindFolk RockU.S.A.Bob Dylan
19%
1993UnpluggedBlues RockU.K.Eric Clapton
19%
2005Genius Loves CompanyR&BU.S.A.Ray Charles
19%
1990Nick of TimePop RockU.S.A.Bonnie Raitt
13%
1969By the Time I Get to PhoenixPop CountryU.S.A.Glen Campbell
13%
2008River: The Joni LettersJazz PopU.S.A.Herbie Hancock
13%
1959The Music from Peter GunnJazzU.S.A.Henry Mancini
10%
2009Raising SandAmericana
U.K. /
U.S.A.
Robert Plant / Alison Krauss
10%
1995MTV UnpluggedVocal JazzU.S.A.Tony Bennett
10%
2001Two Against NaturePop rockU.S.A.Steely Dan
6%
1963The First FamilyComedyU.S.A.Vaughn Meader
3%

Score Distribution

Percentile by Number Answered

Percent of People with Each Score

Your Score History

You have not taken this quiz